000 00878nam a22002055i 4500
001 165126
003 ES-MaACL
005 20250813110914.0
008 950206s1869 sp |||| | spa d
080 _a001
100 1 _aSegovia y Solanas, Ramón.
_9132628
245 1 0 _aDiscurso inaugural leído en la solemne apertura de la Universidad Literaria de Granada el día 1º de octubre de 1869 /
_cpor Ramón Segovia y Solanas.
260 _aGranada :
_b[s.n.],
_c1869 (
_fImp. de Indalecio Ventura)
300 _a54 p. ;
_c26 cm.
594 _aTema del discurso: El cultivo de la ciencia, en todas sus manifestaciones, es fórmula de la ley del progreso humano
650 7 _aCiencia
_2embne
_910929
710 2 _aUniversidad Literaria de Granada.
_9153703
852 4 _aES-MaACL
_jT-112-F-2
_z- Enc. hol.
_z- Enc. en un vol. facticio
999 _c165126
_d165126